The amazing racist / (Record no. 91504)

MARC details
000 -LEADER
fixed length control field 00525nam a22001817a 4500
005 - DATE AND TIME OF LATEST TRANSACTION
control field 20150324110806.0
010 ## - LCCN (DPL NO)
LC control number ENG-112193
020 ## - INTERNATIONAL STANDARD BOOK NUMBER
International Standard Book Number 9789350099124
Terms of availability 399.00
035 ## - SYSTEM CONTROL NUMBER
System control number EN-95725
037 ## - SOURCE OF ACQUISITION
Source of stock number/acquisition DBAD/PUB
082 ## - DEWEY DECIMAL CLASSIFICATION NUMBER
Classification number N
100 ## - MAIN ENTRY--PERSONAL NAME
Personal name Tenduf-La, Chhimi
245 ## - TITLE STATEMENT
Title The amazing racist /
Statement of responsibility, etc by Chhimi Tenduf-La
260 ## - PUBLICATION, DISTRIBUTION, ETC. (IMPRINT)
Place of publication, distribution, etc Gurgaon
Name of publisher, distributor, etc Hachette Book Publishing
Date of publication, distribution, etc 2014
270 ## - ADDRESS
Address 4th & 5th Floor, Corporate Centre, Plot No.94, Sector -44
City Gurgaon
Postal code 122003
300 ## - PHYSICAL DESCRIPTION
Extent 232p.
Dimensions 21cm(pbk)
942 ## - ADDED ENTRY ELEMENTS (KOHA)
Source of classification or shelving scheme Dewey Decimal Classification
Item type English Books
Call number suffix TEN
Classification part N
Holdings
Withdrawn status Lost status Not for loan Collection code Home library Current library Date acquired Source of acquisition Cost, normal purchase price Full call number Barcode Copy number Cost, replacement price Koha item type
    Not For Loan Fiction D.B.Act.Division D.B.Act.Division 18/02/2015 DBAD/PUB 399.00 N TEN EN-95725 1 399.00 English Books

© Delhi Public Library
Hit Counter
free hit counter